Online Catalogue and eLibrary

The German trade union federation (Record no. 2738)

MARC details
000 -LEADER
fixed length control field 00431nam a2200157Ia 4500
005 - DATE AND TIME OF LATEST TRANSACTION
control field 20240606040150.0
008 - FIXED-LENGTH DATA ELEMENTS--GENERAL INFORMATION
fixed length control field 240331s9999 xx 000 0 und d
082 ## - DDC Classification
Item Number - Author Mark GER
Class No. 331.8
245 #4 - TITLE STATEMENT
Title The German trade union federation
260 ## - PUBLICATION, DISTRIBUTION, ETC.
Place of publication, distribution, etc. Dusseldorf
Name of publisher, distributor, etc. Federal Executive Board of the German Trade Union Federation
300 ## - PHYSICAL DESCRIPTION
Extent (e.g. Volumes, Pages etc.) 56 p .,
650 ## - SUBJECT ADDED ENTRY--TOPICAL TERM
Topical term or geographic name entry element History
650 ## - SUBJECT ADDED ENTRY--TOPICAL TERM
Topical term or geographic name entry element Employment Law
700 ## - ADDED ENTRY--PERSONAL NAME
Personal name Stephan,G.
Relator term (Role) Editor
942 ## - Koha item type (Biblio)
Koha item type Books in Stacks (Lending)
Holdings
Lost status Damaged status Collection code Home library Current library Shelving location Date acquired Full call number Accession Number Item type
    Lending WERC Library WERC Library Social Science Cupboard 03/31/2024 331.8 GER 230 Books in Stacks (Lending)

© WERC Library